Vplyv dlhodobého namáhania elektrickým poľom na krátkodobú elektrickú pevnosť izolantov : Kand.diz.práca : V.odb. 26-01-9 : Obh. 06.11.1974 /

Saved in:
Bibliographic Details
Main Author: Schill, Jozef, Ing (Author)
Other Authors: Maršál, Miroslav (Thesis advisor)
Format: Manuscript Book
Published: Bratislava : Výskumný ústav káblov a izolantov, 1973
Subjects:
Tags: Add Tag
No Tags, Be the first to tag this record!

MARC

LEADER 00000ntm a22000003a 4500
001 stu5607
005 20150617225807.9
008 ------s1973----------------------------d
040 |a STU  |b slo 
041 0
100 1 |a Schill, Jozef, Ing  |4 aut 
245 1 |a Vplyv dlhodobého namáhania elektrickým poľom na krátkodobú elektrickú pevnosť izolantov :  |b Kand.diz.práca : V.odb. 26-01-9 : Obh. 06.11.1974 /  |c [aut.] Schill,Jozef, Ing.; Škol. Maršál,M 
260 |a Bratislava :  |b Výskumný ústav káblov a izolantov,  |c 1973 
300 |a 77 s 
650 7 |a elektrotechnológia  |2 stusub 
700 1 |a Maršál, Miroslav  |4 ths 
996 |b 284ED00720  |c E*KDIZ-155  |l EE01  |s A  |a 24  |w stu5607_0001